• Bibliotecas privadas

di Topical Term

Records bibliografici associati: 1

001 - CONTROL NUMBER

  • control field: 55672

003 - CONTROL NUMBER IDENTIFIER

  • control field: IT-RoINE

005 - DATE AND TIME OF LATEST TRANSACTION

  • control field: 20181220072019.0

008 - FIXED-LENGTH DATA ELEMENTS

  • fixed length control field: 181220|| aca||aabn | a|a d

040 ## - CATALOGING SOURCE

  • Original cataloging agency: IT-RoINE
  • Transcribing agency: IT-RoINE

150 ## - HEADING--TOPICAL TERM

  • Topical term or geographic name as entry element: Bibliotecas privadas
  • Geographic subdivision: España
  • Chronological subdivision: Siglo 16o.

670 ## - SOURCE DATA FOUND

  • Source citation: Work cat.: (IT-RoINE)0: Bibliotecas y clase social en la España de Carlos V (1516-1556) /, D.L. 2016.